Word Ladder: Puppets and Cartoons Quiz Stats

 Plays Quiz Updated Apr 12, 2015

Also try: Word Ladder: Toys
Challenge
Share
Tweet
Embed
Score 0/33 Timer 03:00
0 Plays Today
Hint 4-Letter Word % Correct
Rum-based cocktail: ____ coladaPIÑA
97.2%
Homer's Simpson's eldest daughter*LISA*
96.8%
'Leaning Tower' cityPISA
96.8%
What Marge is to HomerWIFE
95.9%
Have an evening mealDINE
95%
Not knowing one's whereaboutsLOST
95%
The Flintstones' pet*DINO*
94.9%
Internet access without cablesWIFI
94.1%
A series of names or wordsLIST
93.9%
Homer's Simpson's eldest child*BART*
93.6%
Long forPINE
92.4%
Often found on a witch's noseWART
92.3%
Thin flexible thread of metalWIRE
92.1%
Ernie's partner*BERT*
91.8%
Where goods or services are soldSHOP
91.7%
Popeye's mode of transportSHIP
90.2%
Twisted out of shapeBENT
89.6%
Hint 4-Letter Word % Correct
Stolen money or valuablesLOOT
89.4%
Bona ___: authenticFIDE
89.4%
Pink Panther: A ____ in the DarkSHOT
89.4%
Common name for a cartoon dogFIDO
88.3%
Chipmunks: ____ 'n' (last rung)*CHIP*
87.9%
Articles of merchandiseWARE
87%
'Thank You' singer or Aeneas' loveDIDO
84.3%
Bundle of paper or hayBALE
84.3%
Chipmunks: (first rung) 'n' ____*DALE*
83.4%
____y and Sweep*SOOT*
82.4%
A relative of a fluteFIFE
78.6%
Pepé Le Pew's protégé*FIFI*
77.6%
Legally prohibits (something)BANS
76.2%
____: The Gallant PigBABE
75.7%
___ 10 and Big ___*BENS*
73%
Barbara Anne Bunny*BABS*
67.4%

Today's Daily Dose

Missing Word
Entertainment 'L'

Word Ladder
Fingers

Quick Pick
When in Rome

On This Day
December 15th II

You're not logged in!

Compare scores with friends on all Sporcle quizzes.
OR
Log In

You Might Also Like...

Show Comments

Extras

Top Quizzes Today


Score Distribution

Your Account Isn't Verified!

In order to create a playlist on Sporcle, you need to verify the email address you used during registration. Go to your Sporcle Settings to finish the process.

Report this User

Report this user for behavior that violates our Community Guidelines.

Details: